00756nam a22002057a 4500003000900000008004100009040007100050082001800121100001800139245003200157260004600189300002800235505016400263650002100427650001100448650002600459700001900485700002200504700002400526AR-CdUCM190517b ||||| |||| 00| 0 spa d aMUNICIPALIDAD PROVINCIAL DEL CUSCOcBIBLIOTECA MUNICIPAL DEL CUSCO a940.55 /bR77 aRojo, Vicente aEl mundo de la postguerra / aBuenos Aires :bMundo Atlántico,c1944. a235 páginas ;c21 cm. aContenido: La seguridad colectiva, por Vicente Rojo. Hacia un nuevo derecho civil, por Angel Ossorio. La endocrinología del porvenir, por Juan Cuatrecasas... aReconstrucción aGuerra aDerecho penal liberal aOssorio, Angel aGuatregasas, Juan aGerchunoff, Alberto